| 000 | 00000nam 2200000zi 4500 |
| 001 | 9.899434 |
| 003 | CaOODSP |
| 005 | 20221129084756 |
| 006 | m o d f |
| 007 | cr cn||||||||| |
| 008 | 210504t20212021qucab ob f000 0 iku d |
| 020 | |a9780660387208 |
| 020 | |z9780660387185|q(incorrect) |
| 040 | |aCaOODSP|bfre|erda|cCaOODSP |
| 043 | |an-cn-nu |
| 086 | 1 |aCW66-756/2021Iku-PDF|zCW66-756/2021E-PDF |
| 245 | 00|a[Plan de gestion du Refuge d'oiseaux migrateurs Ikkattuaq 2020]. |
| 264 | 1|aGatineau QC : |bEnvironnement et changement climatique Canada = Environment and Climate Change Canada, |c[2021] |
| 264 | 4|c©2021 |
| 300 | |a1 ressource en ligne (viii pages, 6 pages non numérotées, 62 pages) : |billustrations en couleur, cartes en couleur |
| 336 | |atexte|btxt|2rdacontent/fre |
| 337 | |ainformatique|bc|2rdamedia/fre |
| 338 | |aressource en ligne|bcr|2rdacarrier/fre |
| 500 | |aPublié aussi en français sous le titre : Plan de gestion du Refuge d'oiseaux migrateurs Ikkattuaq 2020; et en anglais sous le titre : Ikkattuaq Migratory Bird Sanctuary management plan 2020. |
| 500 | |aTitre en français fourni par l'éditeur. |
| 500 | |a« EC8348. » |
| 504 | |aComprend des références bibliographiques (pages 59-61). |
| 546 | |aTexte en inuktitut. |
| 650 | 6|aRéserves ornithologiques|zNunavut|xGestion. |
| 650 | 6|aParcs nationaux|zNunavut|xGestion. |
| 710 | 1 |aCanada. |bEnvironnement et changement climatique Canada, |eorganisme de publication. |
| 775 | 08|tPlan de gestion du Refuge d'oiseaux migrateurs Ikkattuaq 2020.|w(CaOODSP)9.899432 |
| 791 | |t[Ikkattuaq Migratory Bird Sanctuary management plan 2020].|eeng|w(CaOODSP)9.899433 |
| 856 | 40|qPDF|s1.20 Mo|uhttps://publications.gc.ca/collections/collection_2021/eccc/cw66/CW66-756-2021-iku.pdf |